000 00440nam a2200217Ia 4500
003 IT-RoPAU
008 120407s9999 xx 000 0 und d
040 _aIT-RoPAU
040 _cIT-RoPAU
041 _aita
100 _aGianni Cagianelli
245 _aL’Europa finisce a Belfast
250 _aRoma
260 _aAve
260 _c1971
300 _a291 p.
300 _c19 cm
490 _v1
942 _cBK
999 _c31647
_d31647